00712cam a22002411a 4500001001300000003000400013005001700017008004100034010001700075035001900092040002300111042001200134043001200146045000900158050002500167100002900192245007700221260003800298300003100336440004800367650003800415999001700453l 38000113 DLC20260227111536.0771020s1938 dcua f000 0 eng  al 38000113  a(OCoLC)3356799 aDLCcMidMnHidDLC apremarc an-us---2 ax2x300aHD6093b.A35 no. 1591 aPidgeon, Mary Elizabeth.10aTrends in the employment of women, 1928-36 /cby Mary Elizabeth Pidgeon. aWashington :bU.S. G.P.O.,c1938. av, 48 p. :bill. ;c23 cm. 0aBulletin of the Women's Bureau. ;vno. 159. 0aWomenxEmploymentzUnited States. c36263d36263